[Event "Tournoi francophone 012 Groupe E"]
[Site "Skype"]
[Date "????.??.??"]
[Round "6.4"]
[White "Schnell, Nicolas"]
[Black "Tolaro, Filippa"]
[Result "1-0"]
[WhiteElo "1104"]
[BlackElo "1000"]
[PlyCount "85"]

1. e4 c6 2. Nf3 d5 3. Nc3 dxe4 4. Nxe4 Bf5 5. Nc5 Qc7 6. Bc4 e6 7. Ng5 Bxc5 8.
Nxe6 Bxe6 9. Qe2 Qe7 10. Qe5 Nf6 11. d4 Bb4+ 12. c3 Bd6 13. Qe2 b5 14. Bd3 Nbd7
15. O-O Ng4 16. Qe4 a6 17. f3 Nxh2 18. Rf2 Nf6 19. Qxc6+ Nd7 20. Qxa8+ Nb8 21.
f4 Ng4 22. Re2 O-O 23. Qe4 Nf6 24. Qa8 Re8 25. f5 Ng4 26. fxe6 Bh2+ 27. Kf1
Qf6+ 28. Ke1 Bg3+ 29. Kd1 Qf1+ 30. Kc2 fxe6 31. Qe4 Nf6 32. Qa8 g6 33. Rd2 Qf4
34. Rd1 Qf2+ 35. Kb3 Nd5 36. Bh6 Bf4 37. Rf1 Qe3 38. Rxf4 Nxf4 39. Qa7 Nd7 40.
Qxd7 Nh5 41. Bxe3 Kf8 42. Bh6+ Kg8 43. Qxe8# 1-0

[Event "Tournoi francophone 012 Groupe E"]
[Site "Skype"]
[Date "????.??.??"]
[Round "6.5"]
[White "Hampton, Irene"]
[Black "Trapletti, Cosetta"]
[Result "0-1"]
[WhiteElo "1000"]
[BlackElo "1050"]
[PlyCount "82"]

1. d4 d5 2. Nf3 Nf6 3. Bf4 e6 4. e3 c5 5. c3 Nc6 6. Nbd2 Be7 7. Bd3 O-O 8. Qc2
g6 9. Bh6 Re8 10. O-O Qd6 11. Ng5 Ng4 12. Ndf3 f6 13. h3 Nxh6 14. Bxg6 Rf8 15.
Nxh7 f5 16. Nhg5 Rf6 17. Bh7+ Kg7 18. c4 b6 19. a3 Bb7 20. Rab1 cxd4 21. Rfe1
e5 22. b4 e4 23. Nh2 Re8 24. f4 Bd8 25. c5 bxc5 26. bxc5 Qe7 27. Rb5 Ba6 28.
Rb3 Bd3 29. Qf2 Qxc5 30. Rb7+ Re7 31. a4 dxe3 32. Qg3 e2+ 33. Qf2 Qc2 34. g4
Qd2 35. gxf5 e3 36. Qg3 Rxb7 37. Ng4 Rxf5 38. Ne6+ Kxh7 39. Nf6+ Rxf6 40. Qg7+
Rxg7+ 41. Nxg7 Kxg7 0-1

[Event "Tournoi francophone 012 Groupe E"]
[Site "Skype"]
[Date "????.??.??"]
[Round "6.6"]
[White "Castiglione, Giovanni"]
[Black "Morin, Claude"]
[Result "1-0"]
[WhiteElo "1000"]
[BlackElo "1025"]
[PlyCount "81"]

1. d4 d5 2. c4 c6 3. c5 Bf5 4. Nc3 e6 5. Nf3 Nf6 6. Ne5 b6 7. b4 Nbd7 8. Nxc6
Qc8 9. b5 bxc5 10. dxc5 Bxc5 11. Bf4 O-O 12. Na4 Bb4+ 13. Nxb4 Ne4 14. Nc6 Qb7
15. e3 f6 16. Rc1 e5 17. Qxd5+ Kh8 18. Ne7 Qxd5 19. Nxd5 exf4 20. Nxf4 Nb8 21.
Bc4 Nd6 22. Bd5 Nd7 23. Bxa8 Rxa8 24. O-O Nxb5 25. Rfd1 Ne5 26. Rc5 Na3 27.
Rcd5 Nd7 28. Rxf5 Rd8 29. Nc5 Nc2 30. Nxd7 Nxe3 31. fxe3 g6 32. Rxf6 Kg7 33.
Ne6+ Kg8 34. Ng5 Kg7 35. Ne6+ Kh6 36. Nxd8 Kg5 37. Rd5+ Kg4 38. h3+ Kg3 39.
Rf3+ Kh4 40. Rf4+ Kg3 41. Rg5# 1-0

[Event "Tournoi francophone 012 Groupe E"]
[Site "Skype"]
[Date "????.??.??"]
[Round "7.1"]
[White "Abate, Luigi"]
[Black "Douichi, Mohammed"]
[Result "1-0"]
[WhiteElo "1134"]
[BlackElo "1277"]
[PlyCount "69"]

1. c4 b6 2. g3 Bb7 3. Nf3 d5 4. d4 dxc4 5. Nc3 Nf6 6. Bg2 e6 7. O-O Be7 8. Re1
Bb4 9. Bd2 Bxc3 10. Bxc3 Nd5 11. Qc2 Nxc3 12. Qxc3 Qd5 13. e4 Qd7 14. Qxc4 O-O
15. Ne5 Qd6 16. Rad1 Ba6 17. Qa4 b5 18. Qa5 c6 19. Ng4 f6 20. e5 fxe5 21. dxe5
Qe7 22. Re4 Bb7 23. Red4 Nd7 24. Rxd7 Qg5 25. Nf6+ gxf6 26. Rxb7 Qxe5 27. Bxc6
Qe2 28. Rdd7 Rf7 29. Rxf7 Qd1+ 30. Kg2 Qd6 31. Rg7+ Kh8 32. Rxh7+ Kg8 33. Rbg7+
Kf8 34. Bxa8 Qc5 35. Qd8# 1-0

[Event "Tournoi francophone 012 Groupe E"]
[Site "Skype"]
[Date "????.??.??"]
[Round "7.2"]
[White "Taillandier, Vivien"]
[Black "Rivalta, Paolo"]
[Result "0-1"]
[WhiteElo "1000"]
[BlackElo "1095"]
[PlyCount "126"]

1. e4 e5 2. Nf3 Nc6 3. Nc3 Bb4 4. a3 Ba5 5. b4 Bb6 6. Bc4 h6 7. d3 Nf6 8. O-O
O-O 9. b5 Nd4 10. Nxd4 exd4 11. Na4 c6 12. Bb2 d5 13. Nxb6 axb6 14. exd5 cxb5
15. Bxb5 Qxd5 16. c4 Qg5 17. Bc1 Qg6 18. Qf3 Bg4 19. Qg3 h5 20. f3 Bd7 21. Qxg6
fxg6 22. Bxd7 Nxd7 23. Rb1 Nc5 24. Rxb6 Kh7 25. Bb2 Rfd8 26. g4 Rd7 27. gxh5
gxh5 28. Rb5 Rc8 29. a4 g6 30. Rd1 Nxa4 31. f4 Nc3 32. Bxc3 dxc3 33. f5 Rxc4
34. fxg6+ Kxg6 35. Rf1 Rg4+ 36. Kh1 c2 37. h3 Rg5 38. Rb6+ Kg7 39. h4 Rg6 40.
Rb5 Rf7 41. Rc1 Rc7 42. Rxh5 Rg4 43. Kh2 Kg6 44. Rg5+ Rxg5 45. hxg5 Kxg5 46.
Rg1+ Kf5 47. Rf1+ Ke5 48. Re1+ Kd4 49. Kg2 Kxd3 50. Kf2 Rf7+ 51. Kg3 Kd2 52.
Rg1 Rg7+ 53. Kf2 Rxg1 54. Kxg1 c1=Q+ 55. Kg2 Ke2 56. Kh3 Kf3 57. Kh4 Kf4 58.
Kh5 Kf5 59. Kh4 Qg5+ 60. Kh3 Qg4+ 61. Kh2 Kf4 62. Kh1 Kf3 63. Kh2 Qg2# 0-1

[Event "Tournoi francophone 012 Groupe E"]
[Site "Skype"]
[Date "????.??.??"]
[Round "7.3"]
[White "Mimouni, Driss"]
[Black "Abate, Leonardo"]
[Result "0-1"]
[WhiteElo "1095"]
[BlackElo "1000"]
[PlyCount "64"]

1. e4 e5 2. Nf3 Nf6 3. Nc3 Nc6 4. Bc4 h6 5. Nd5 Nxd5 6. exd5 e4 7. dxc6 exf3 8.
Qxf3 Qe7+ 9. Be2 dxc6 10. d4 Bd7 11. O-O O-O-O 12. Be3 Kb8 13. Bc4 f6 14. d5 g5
15. Bd4 cxd5 16. Bxd5 Bg4 17. Qd3 Rxd5 18. Rfe1 Qf7 19. Qa3 Bxa3 20. bxa3 Rxd4
21. Rab1 Qxa2 22. f3 Bf5 23. Ra1 Qc4 24. a4 Qxc2 25. Kf1 Rxa4 26. g3 Rxa1 27.
Rxa1 Qc4+ 28. Kg2 Qc2+ 29. Kh1 Bh3 30. Rg1 Re8 31. f4 Re1 32. Rxe1 Qg2# 0-1

[Event "Tournoi francophone 012 Groupe E"]
[Site "Skype"]
[Date "????.??.??"]
[Round "7.4"]
[White "Hampton, Irene"]
[Black "Schnell, Nicolas"]
[Result "0-1"]
[WhiteElo "1000"]
[BlackElo "1104"]
[PlyCount "20"]

1. e4 e5 2. c4 Nc6 3. Nc3 Bc5 4. Qc2 Qh4 5. Nh3 d6 6. g3 Qf6 7. b3 Bxh3 8. Nd5
Qxf2+ 9. Kd1 Bg4+ 10. Be2 Qxe2# 0-1

[Event "Tournoi francophone 012 Groupe E"]
[Site "Skype"]
[Date "????.??.??"]
[Round "7.5"]
[White "Tolaro, Filippa"]
[Black "Castiglione, Giovanni"]
[Result "0-1"]
[WhiteElo "1000"]
[BlackElo "1000"]
[PlyCount "86"]

1. d4 Nf6 2. Nf3 d6 3. e3 Nc6 4. Bd3 Bg4 5. Nbd2 Bxf3 6. Nxf3 d5 7. b3 e6 8.
Bb2 Bb4+ 9. c3 Bd6 10. O-O e5 11. dxe5 Bxe5 12. Nxe5 Nxe5 13. Be2 Qd6 14. c4 h5
15. Rc1 Neg4 16. g3 h4 17. c5 Qc6 18. Bxg4 Rh6 19. b4 Kf8 20. a4 Nxg4 21. Qxg4
Qg6 22. h3 hxg3 23. Kg2 gxf2 24. Kxf2 Qxg4 25. hxg4 Rh2+ 26. Kg1 Rxb2 27. Rf4
Re8 28. Re1 c6 29. g5 Re5 30. g6 Rg5+ 31. Kf1 Rxg6 32. e4 Rxb4 33. a5 Rf6 34.
Rf2 dxe4 35. Ke2 Re6 36. Ref1 e3 37. Rxf7+ Kg8 38. Rf8+ Kh7 39. Rh1+ Kg6 40.
Rg1+ Kh7 41. Rf7 Rb2+ 42. Ke1 Rb1+ 43. Ke2 Rxg1 0-1

[Event "Tournoi francophone 012 Groupe E"]
[Site "Skype"]
[Date "????.??.??"]
[Round "7.6"]
[White "Gagnon, Sindy"]
[Black "Morin, Claude"]
[Result "1-0"]
[WhiteElo "1031"]
[BlackElo "1025"]
[PlyCount "56"]

1. e4 e6 2. d4 d5 3. Nc3 c6 4. Bd3 Nd7 5. Nf3 Bd6 6. O-O Nb6 7. Re1 Ne7 8. Bg5
O-O 9. e5 Bc7 10. Re3 h6 11. Bf4 Ng6 12. Bg3 Nc4 13. Re1 Nxb2 14. Qd2 Nxd3 15.
Qxd3 Qe7 16. Ne2 b6 17. c4 f6 18. c5 fxe5 19. cxb6 axb6 20. dxe5 Qc5 21. Qxg6
Qe7 22. Nf4 Qf7 23. Qc2 Bxe5 24. Rxe5 Qd7 25. Nxe6 Re8 26. Rae1 Qd6 27. Rh5
Bxe6 28. Bxd6 Red8 1-0

[Event "Tournoi francophone 012 Groupe E"]
[Site "Skype"]
[Date "????.??.??"]
[Round "8.1"]
[White "Rivalta, Paolo"]
[Black "Castiglione, Giovanni"]
[Result "0-1"]
[WhiteElo "1095"]
[BlackElo "1000"]
[PlyCount "96"]

1. e4 e5 2. Bc4 Nf6 3. Nc3 Bb4 4. Nf3 Bxc3 5. bxc3 d6 6. Ng5 Be6 7. Bxe6 fxe6
8. d4 Nc6 9. Nxe6 Qd7 10. d5 Nd8 11. O-O Nxe6 12. dxe6 Qxe6 13. Bg5 Nxe4 14.
Bd2 Rf8 15. f3 Nxd2 16. Qxd2 O-O-O 17. Qe3 Kb8 18. Qe4 Qg6 19. Qe2 Rf4 20. Rab1
Rdf8 21. Qa6 b6 22. Qe2 Qf5 23. c4 h5 24. a4 Kc8 25. Ra1 a5 26. Rad1 g5 27. h3
Qd7 28. c5 Rxa4 29. Qa6+ Kd8 30. cxb6 cxb6 31. Qxb6+ Kc8 32. Qc6+ Qc7 33. Qxa4
Qc5+ 34. Kh2 Kc7 35. Ra1 Qb4 36. Qxa5+ Qxa5 37. Rxa5 g4 38. g3 gxf3 39. c4 Kb6
40. Ra2 e4 41. Kg1 e3 42. g4 hxg4 43. hxg4 Kc5 44. Rc2 e2 45. Re1 f2+ 46. Kg2
fxe1=Q 47. g5 Qf2+ 48. Kh3 Qf5+ 0-1

[Event "Tournoi francophone 012 Groupe E"]
[Site "Skype"]
[Date "????.??.??"]
[Round "8.2"]
[White "Schnell, Nicolas"]
[Black "Abate, Luigi"]
[Result "1-0"]
[WhiteElo "1104"]
[BlackElo "1134"]
[PlyCount "77"]

1. e4 e5 2. Nc3 Nf6 3. Bc4 b6 4. d4 Bd6 5. Nf3 exd4 6. Qxd4 Nc6 7. Qd3 Ne5 8.
Nxe5 Bxe5 9. Nd5 O-O 10. O-O d6 11. Bg5 Bxb2 12. Rad1 Be5 13. Qf3 Bg4 14. Qd3
Bxd1 15. Qxd1 h6 16. Nxf6+ Bxf6 17. Be3 Qd7 18. Bd4 Bxd4 19. Qxd4 Rae8 20. Bd3
c6 21. e5 Rxe5 22. c4 Rfe8 23. Qc3 d5 24. Qd4 Re1 25. a4 Rxf1+ 26. Kxf1 Qe6 27.
g4 c5 28. Qf4 d4 29. Bf5 Qe1+ 30. Kg2 Kf8 31. Qd6+ Qe7 32. Qd5 Qh4 33. Qd6+ Re7
34. Bh7 Qxg4+ 35. Kh1 Qh4 36. Bf5 Qxf2 37. Qd8+ Re8 38. Bd7 Qf6 39. Qxe8# 1-0

[Event "Tournoi francophone 012 Groupe E"]
[Site "Skype"]
[Date "????.??.??"]
[Round "8.3"]
[White "Douichi, Mohammed"]
[Black "Trapletti, Cosetta"]
[Result "1-0"]
[WhiteElo "1277"]
[BlackElo "1050"]
[PlyCount "77"]

1. e4 e5 2. Bc4 Nf6 3. Nf3 Nc6 4. O-O Bc5 5. c3 O-O 6. d4 exd4 7. cxd4 Be7 8.
Nc3 d6 9. d5 Ne5 10. Bb3 Bg4 11. Bf4 a6 12. Qd4 Nxf3+ 13. gxf3 Bxf3 14. Bd1
Bxd1 15. Raxd1 Qd7 16. Bg3 Qh3 17. f3 Nh5 18. Qf2 Bf6 19. e5 Rfe8 20. exf6 Nxf6
21. Kh1 Ng4 22. fxg4 Qxg4 23. Qxf7+ Kh8 24. Qxc7 Re3 25. Qxb7 Rae8 26. Qc6 Qg6
27. Qxd6 Qc2 28. Qa3 h6 29. d6 Qg6 30. Qxa6 Qe6 31. Kg1 h5 32. Qb5 Qg4 33. d7
Rd8 34. Kg2 h4 35. Kf2 Qf3+ 36. Kg1 h3 37. Rxf3 Rxf3 38. Qh5+ Kg8 39. Qxf3 1-0

[Event "Tournoi francophone 012 Groupe E"]
[Site "Skype"]
[Date "????.??.??"]
[Round "8.4"]
[White "Morin, Claude"]
[Black "Mimouni, Driss"]
[Result "1-0"]
[WhiteElo "1025"]
[BlackElo "1095"]
[PlyCount "133"]

1. d4 d5 2. c4 Nf6 3. Nc3 c6 4. Nf3 Bg4 5. Bf4 Na6 6. a3 e6 7. h3 Bf5 8. e3 c5
9. cxd5 exd5 10. Bb5+ Bd7 11. Be2 Nc7 12. Bxc7 Qxc7 13. Nxd5 Nxd5 14. Rc1 Be7
15. dxc5 Qa5+ 16. Qd2 Qxd2+ 17. Kxd2 Rc8 18. e4 Nf4 19. Bf1 Bc6 20. Ke3 Ne6 21.
h4 b6 22. cxb6 axb6 23. Ba6 Bc5+ 24. Ke2 Nd4+ 25. Nxd4 Ra8 26. Bb5 Bxb5+ 27.
Nxb5 O-O 28. Nc7 Ra4 29. g3 Rxe4+ 30. Kf3 Re7 31. Nd5 Rd7 32. Nf4 Rfd8 33. b4
Rd3+ 34. Nxd3 Bd6 35. Rc6 b5 36. Rb6 h5 37. Rxb5 g6 38. a4 f5 39. a5 Bc7 40.
Nc5 Kf7 41. a6 Bb8 42. Rb7+ Kf6 43. Nd7+ Ke6 44. Nxb8 Rd3+ 45. Ke2 Ra3 46. Rb6+
Ke5 47. Rxg6 Ke4 48. Re6+ Kd4 49. b5 Ra2+ 50. Kf3 Ra3+ 51. Kf4 Ra2 52. Rd1+ Kc4
53. b6 Rxf2+ 54. Kg5 Rg2 55. Kxf5 Rxg3 56. a7 Rf3+ 57. Kg5 Rb3 58. a8=Q Rb5+
59. Kf6 Rc5 60. Rc1+ Kb5 61. Rxc5+ Kxc5 62. Qa5+ Kc4 63. Re4+ Kb3 64. Qxh5 Kc3
65. Qf3+ Kb2 66. Re2+ Kc1 67. Qf1# 1-0

[Event "Tournoi francophone 012 Groupe E"]
[Site "Skype"]
[Date "????.??.??"]
[Round "8.5"]
[White "Taillandier, Vivien"]
[Black "Gagnon, Sindy"]
[Result "0-1"]
[WhiteElo "1000"]
[BlackElo "1031"]
[PlyCount "64"]

1. e4 e5 2. Nf3 Nc6 3. Nc3 Nf6 4. Bb5 Bc5 5. O-O O-O 6. d3 d6 7. Nd5 Nxd5 8.
exd5 Nd4 9. Bg5 f6 10. Bf4 exf4 11. c3 Nxb5 12. d4 Bb6 13. c4 Nxd4 14. Nxd4 Re8
15. Re1 Re5 16. Nf3 Rf5 17. Nh4 Rh5 18. Qxh5 g6 19. Qh6 Qf8 20. Qxf4 g5 21. Qg4
Bxg4 22. h3 Bd7 23. Nf3 c6 24. Rad1 cxd5 25. Rxd5 Rc8 26. Nxg5 fxg5 27. Rxg5+
Kf7 28. Rh5 Kg7 29. Re4 Qxf2+ 30. Kh2 Bc6 31. Re7+ Kg6 32. Rhxh7 Qxg2# 0-1

[Event "Tournoi francophone 012 Groupe E"]
[Site "Skype"]
[Date "????.??.??"]
[Round "8.6"]
[White "Tolaro, Filippa"]
[Black "Hampton, Irene"]
[Result "1-0"]
[WhiteElo "1000"]
[BlackElo "1000"]
[PlyCount "51"]

1. Nf3 b6 2. d4 Bb7 3. e3 d5 4. Bd3 Nf6 5. Nbd2 e6 6. b3 a5 7. O-O Bb4 8. c3
Bxc3 9. Rb1 O-O 10. Qc2 Bxd2 11. Qxd2 g6 12. Bb2 Na6 13. a3 c5 14. dxc5 Nxc5
15. Bc2 Re8 16. b4 Nce4 17. Qd4 a4 18. Ne5 Re7 19. f3 Ng5 20. Ng4 Nxf3+ 21.
gxf3 e5 22. Nxe5 Qd6 23. Nc4 Ra6 24. Nxd6 Kg7 25. Qxf6+ Kg8 26. Qg7# 1-0

[Event "Tournoi francophone 012 Groupe E"]
[Site "Skype"]
[Date "????.??.??"]
[Round "9.1"]
[White "Abate, Leonardo"]
[Black "Schnell, Nicolas"]
[Result "1-0"]
[WhiteElo "1000"]
[BlackElo "1104"]
[PlyCount "47"]

1. e4 e5 2. Nf3 Nc6 3. Bb5 Nf6 4. O-O Nxe4 5. d4 Nf6 6. Nxe5 Nxe5 7. Re1 Bd6 8.
dxe5 O-O 9. Bg5 c6 10. Bd3 Bc5 11. exf6 g6 12. Nd2 Qc7 13. Ne4 Bd4 14. c3 Be5
15. Ng3 d5 16. Qe2 Re8 17. f4 Qb6+ 18. Kh1 Qc7 19. fxe5 h6 20. Bxh6 Be6 21. Qe3
Qd7 22. Bg7 d4 23. Qh6 Bh3 24. Qh8# 1-0

[Event "Tournoi francophone 012 Groupe E"]
[Site "Skype"]
[Date "????.??.??"]
[Round "9.2"]
[White "Gagnon, Sindy"]
[Black "Douichi, Mohammed"]
[Result "1-0"]
[WhiteElo "1031"]
[BlackElo "1277"]
[PlyCount "41"]

1. e4 Nc6 2. Nf3 e5 3. b3 Bc5 4. c3 Nf6 5. Bc4 O-O 6. Qe2 Ng4 7. h3 Bxf2+ 8.
Kd1 d6 9. hxg4 Bb6 10. d3 Bxg4 11. Nbd2 Qd7 12. Ba3 Rfe8 13. Rh4 Na5 14. Bd5 c6
15. Bc4 Bd8 16. Rh2 d5 17. exd5 cxd5 18. Bxd5 Qxd5 19. c4 Qe6 20. Qe4 Bf6 21.
Qxh7# 1-0

[Event "Tournoi francophone 012 Groupe E"]
[Site "Skype"]
[Date "????.??.??"]
[Round "9.3"]
[White "Castiglione, Giovanni"]
[Black "Taillandier, Vivien"]
[Result "1/2-1/2"]
[WhiteElo "1000"]
[BlackElo "1000"]
[PlyCount "80"]

1. d4 d5 2. c4 e6 3. Nc3 Nf6 4. Bg5 Bb4 5. e3 O-O 6. Qc2 Nc6 7. a3 Ba5 8. Nf3
h6 9. Bxf6 Qxf6 10. c5 e5 11. Bb5 Bf5 12. Qb3 exd4 13. Qxd5 dxc3 14. b4 c2 15.
O-O Rad8 16. Qb3 Qg6 17. Nh4 Qe6 18. Bc4 Qe4 19. Nxf5 Qxf5 20. Qc3 Ne5 21. Bb3
Qe4 22. Bxc2 Qc4 23. Qxe5 Qxc2 24. bxa5 Rd7 25. Rab1 Rfd8 26. g3 Qa2 27. Rxb7
Qxa3 28. Rxa7 Qa4 29. Rxc7 Rd1 30. Rxd1 Qxd1+ 31. Kg2 Qd2 32. c6 Ra8 33. Qf5
Qa2 34. Rc8+ Rxc8 35. Qxc8+ Kh7 36. a6 Qd5+ 37. Kg1 Qd1+ 38. Kg2 Qd5+ 39. Kh3
Qh5+ 40. Kg2 Qd5+ 1/2-1/2

[Event "Tournoi francophone 012 Groupe E"]
[Site "Skype"]
[Date "????.??.??"]
[Round "9.5"]
[White "Trapletti, Cosetta"]
[Black "Tolaro, Filippa"]
[Result "0-1"]
[WhiteElo "1050"]
[BlackElo "1000"]
[PlyCount "90"]

1. c4 c6 2. Nc3 Nf6 3. e4 d5 4. cxd5 cxd5 5. exd5 Nxd5 6. Ne4 Bf5 7. Bd3 e6 8.
Nf3 h6 9. O-O Bd6 10. Qe2 Nf4 11. g3 Nxe2+ 12. Kg2 Nxc1 13. Raxc1 Nc6 14. Be2
Bxe4 15. h4 Ne5 16. d3 Nxd3 17. Rc4 Bd5 18. Rd4 Nxb2 19. Bb5+ Bc6 20. Be2 O-O
21. Rg4 Bxf3+ 22. Bxf3 Qc7 23. Kh3 Nd3 24. Be2 Ne5 25. Rf4 Ng6 26. Rg4 Qc2 27.
Bf3 Ne5 28. Be4 Qe2 29. Kg2 Qxg4 30. Bxb7 Rab8 31. f3 Qb4 32. Be4 Qb2+ 33. Kh3
f5 34. f4 fxe4 35. Re1 Qb4 36. fxe5 Bxe5 37. Re2 g5 38. Rg2 Qe1 39. hxg5 hxg5
40. a4 Qh1+ 41. Rh2 g4+ 42. Kxg4 Qxh2 43. Kg5 Qxg3+ 44. Kh5 Rf5+ 45. Kh6 Qg5#
0-1

[Event "Tournoi francophone 012 Groupe E"]
[Site "Skype"]
[Date "????.??.??"]
[Round "9.6"]
[White "Mimouni, Driss"]
[Black "Hampton, Irene"]
[Result "1-0"]
[WhiteElo "1095"]
[BlackElo "1000"]
[PlyCount "71"]

1. e4 b6 2. d4 Bb7 3. Nc3 e6 4. d5 Bb4 5. Bd2 Nf6 6. Bd3 O-O 7. dxe6 dxe6 8.
Nf3 Qe7 9. a3 Bxc3 10. Bxc3 Nbd7 11. e5 Nd5 12. Bd4 Nf4 13. Be2 Nxg2+ 14. Kd2
Nf4 15. Rg1 Nxe2 16. Qxe2 c5 17. Be3 Rac8 18. Bh6 f6 19. Bxg7 Rf7 20. Bxf6+ Kf8
21. Bxe7+ Kxe7 22. Ng5 Rf5 23. Nxh7 Nxe5 24. Rg7+ Kd6 25. Rxb7 Nf3+ 26. Kc3 Nd4
27. Qg4 Kc6 28. Qe4+ Rd5 29. Rxa7 Rcd8 30. Nf6 b5 31. Nxd5 Rxd5 32. Ra6+ Kb7
33. Ra5 Kb6 34. Ra8 Rh5 35. Rb8+ Ka5 36. Qa8# 1-0